laboratory manual to accompany essentials of Anatomy & physiology (Record no. 13444)

MARC details
000 -LEADER
fixed length control field 01104cam a22002894a 4500
001 - CONTROL NUMBER
control field 13444
005 - DATE AND TIME OF LATEST TRANSACTION
control field 20260128124347.0
008 - FIXED-LENGTH DATA ELEMENTS--GENERAL INFORMATION
fixed length control field 070118s2007 moua u000 0 eng
010 ## - LIBRARY OF CONGRESS CONTROL NUMBER
LC control number 2007270875
020 ## - INTERNATIONAL STANDARD BOOK NUMBER
International Standard Book Number 0070272611
035 ## - SYSTEM CONTROL NUMBER
System control number 14701846
040 ## - CATALOGING SOURCE
Original cataloging agency BSU
Transcribing agency DLC
Modifying agency BSULIB
082 ## - DEWEY DECIMAL CLASSIFICATION NUMBER
Classification number 612
Item number PAT
100 1# - MAIN ENTRY--PERSONAL NAME
Personal name Patton, Kevin T.
9 (RLIN) 2484
245 10 - TITLE STATEMENT
Title laboratory manual to accompany essentials of Anatomy & physiology
Statement of responsibility, etc Kevin T. Patton.
246 30 - VARYING FORM OF TITLE
Title proper/short title Anatomy and physiology laboratory manual
250 ## - EDITION STATEMENT
Edition statement 4th ed.
260 ## - PUBLICATION, DISTRIBUTION, ETC. (IMPRINT)
Place of publication, distribution, etc St. Louis, Mo. :
Name of publisher, distributor, etc Elsevier/Mosby,
Date of publication, distribution, etc c2002.
300 ## - PHYSICAL DESCRIPTION
Extent xi, 305 p. :
Other physical details ill. (chiefly col.) ;
Dimensions 28 cm.
650 #0 - SUBJECT ADDED ENTRY--TOPICAL TERM
Topical term or geographic name as entry element Human physiology
Form subdivision Laboratory manuals.
9 (RLIN) 12407
650 #0 - SUBJECT ADDED ENTRY--TOPICAL TERM
Topical term or geographic name as entry element Human anatomy
Form subdivision Laboratory manuals.
9 (RLIN) 12408
655 #7 - INDEX TERM--GENRE/FORM
Genre/form data or focus term Laboratory manuals.
Source of term lcgft
-- 25168
906 ## - LOCAL DATA ELEMENT F, LDF (RLIN)
a 7
b cbc
c origres
d 3
e ncip
f 20
g y-gencatlg
942 ## - ADDED ENTRY ELEMENTS (KOHA)
Source of classification or shelving scheme Dewey Decimal Classification
Item type Books
Holdings
Withdrawn status Lost status Source of classification or shelving scheme Damaged status Not for loan Home library Current library Shelving location Date acquired Source of acquisition Inventory number Total Checkouts Full call number Barcode Date last seen Copy number Price effective from Koha item type Public note
    Dewey Decimal Classification     Main Library Main Library Open Shelves 28/01/2026 Donation 5703   612 PAT bsu26010272 28/01/2026 001 22/05/2014 Books Material Available in Hardcopy
    Dewey Decimal Classification     Main Library Main Library Open Shelves 28/01/2026 Donation 24803   612 PAT bsu26010273 28/01/2026 002 22/05/2014 Books Material Available in Hardcopy

© 2017 Bishop Stuart University Library. All Rights Reserved.
Kakoba Campus, Plot 150 Buremba Road | P.O. Box 9, Mbarara, UGANDA | Tel: +256-772-463068
Email: library@bsu.ac.ug